Modern South Asia : (Record no. 522507)
[ view plain ]
| 000 -LEADER | |
|---|---|
| fixed length control field | 01207cam a2200325 a 4500 |
| 001 - CONTROL NUMBER | |
| control field | 708088 |
| 003 - CONTROL NUMBER IDENTIFIER | |
| control field | NUST |
| 005 - DATE AND TIME OF LATEST TRANSACTION | |
| control field | 20181030110525.0 |
| 008 - FIXED-LENGTH DATA ELEMENTS--GENERAL INFORMATION | |
| fixed length control field | 970429s1998 nyua b 001 0 eng |
| 010 ## - LIBRARY OF CONGRESS CONTROL NUMBER | |
| LC control number | 97014688 |
| 020 ## - INTERNATIONAL STANDARD BOOK NUMBER | |
| International Standard Book Number | 0415169518 |
| 020 ## - INTERNATIONAL STANDARD BOOK NUMBER | |
| International Standard Book Number | 0415169526 (pbk.) |
| 038 ## - RECORD CONTENT LICENSOR | |
| Staff Name | WASEEM |
| 040 ## - CATALOGING SOURCE | |
| Original cataloging agency | DLC |
| Transcribing agency | DLC |
| Modifying agency | DLC |
| 043 ## - GEOGRAPHIC AREA CODE | |
| Geographic area code | az----- |
| 050 00 - LIBRARY OF CONGRESS CALL NUMBER | |
| Classification number | DS340 |
| Item number | .B66 1998 |
| 082 00 - DEWEY DECIMAL CLASSIFICATION NUMBER | |
| Classification number | 954 |
| Author Mark | BOS |
| 100 1# - MAIN ENTRY--PERSONAL NAME | |
| Personal name | Bose, Sugata, |
| Dates associated with a name | 1956- |
| 9 (RLIN) | 12395 |
| 245 10 - TITLE STATEMENT | |
| Title | Modern South Asia : |
| Remainder of title | history, culture, political economy / |
| Statement of responsibility, etc. | Sugata Bose and Ayesha Jalal. |
| 260 ## - PUBLICATION, DISTRIBUTION, ETC. | |
| Place of publication, distribution, etc. | New York : |
| Name of publisher, distributor, etc. | Routledge, |
| Date of publication, distribution, etc. | 1998. |
| 300 ## - PHYSICAL DESCRIPTION | |
| Extent | x, 303 p. : |
| Other physical details | ill. ; |
| Dimensions | 23 cm. |
| 504 ## - BIBLIOGRAPHY, ETC. NOTE | |
| Bibliography, etc. note | Includes bibliographical references (p. [250]-281) and index. |
| 590 ## - LOCAL NOTE (RLIN) | |
| Local note | In English. |
| 651 #0 - SUBJECT ADDED ENTRY--GEOGRAPHIC NAME | |
| Geographic name | South Asia |
| General subdivision | History. |
| 9 (RLIN) | 12396 |
| 700 1# - ADDED ENTRY--PERSONAL NAME | |
| Personal name | Jalal, Ayesha. |
| 9 (RLIN) | 12397 |
| 856 42 - ELECTRONIC LOCATION AND ACCESS | |
| Materials specified | Publisher description |
| Uniform Resource Identifier | <a href="http://www.loc.gov/catdir/enhancements/fy0909/97014688-d.html">http://www.loc.gov/catdir/enhancements/fy0909/97014688-d.html</a> |
| 906 ## - LOCAL DATA ELEMENT F, LDF (RLIN) | |
| a | 7 |
| b | cbc |
| c | orignew |
| d | 1 |
| e | ocip |
| f | 19 |
| g | y-gencatlg |
| 942 ## - ADDED ENTRY ELEMENTS (KOHA) | |
| Source of classification or shelving scheme | |
| Koha item type | Book |
| Withdrawn status | Lost status | Source of classification or shelving scheme | Damaged status | Not for loan | Collection code | Permanent Location | Current Location | Shelving location | Date acquired | Total Checkouts | Full call number | Barcode | Checked out | Date last seen | Date last checked out | Copy number | Price effective from | Koha item type |
|---|---|---|---|---|---|---|---|---|---|---|---|---|---|---|---|---|---|---|
| Central Library (CL) | Central Library (CL) | Book Cart | 10/30/2018 | 6 | 954 BOS | CL-D-3 | 03/04/2026 | 02/02/2026 | 02/02/2026 | 1 | 10/30/2018 | Book |
